000 00702naa a22002417a 4500
001 BR8706812
003 BR-BrBNA
005 20250721154527.0
007 ta
008 250630b bl.|||m| |||| 00| 0 por d
040 _aBR-BrBNA
_bpor
_cBiblioteca Nacional de Agricultura
041 _a(Pt)
072 _aN20
_b4530
090 _aN20 BR8706812
100 1 _aAnon.
245 1 _aSemeador para pequenas sementes
500 _aQuem Semeia Ideias Rio de Janeiro, RJ (Brasil): 1981. p. 32-35 (BR8706812-AMS)
650 _aEQUIPAMENTO AGRICOLA
650 _aSEMEADURA MANUAL
490 _aCada Cabeca e um Mundo (Brazil)
_vno. 16
942 _cAMS
_2AGRIS
909 _a202506
_bLúcia
_c55
_dLúcia Elande
999 _c335373
_d335373